Բուսաբանություն : (Record no. 197409)
[ view plain ]
| 000 -LEADER | |
|---|---|
| fixed length control field | 00985nam a2200217 u 4500 |
| 003 - CONTROL NUMBER IDENTIFIER | |
| control field | AM-YeHGA |
| 005 - DATE AND TIME OF LATEST TRANSACTION | |
| control field | 20250618072901.0 |
| 008 - FIXED-LENGTH DATA ELEMENTS--GENERAL INFORMATION | |
| fixed length control field | 070413s1937 ai r 000 0 arm d |
| 040 ## - CATALOGING SOURCE | |
| Original cataloging agency | AM-YeHGA |
| 041 1# - LANGUAGE CODE | |
| Language code of text/sound track or separate title | arm |
| 090 ## - LOCALLY ASSIGNED LC-TYPE CALL NUMBER (OCLC); LOCAL CALL NUMBER (RLIN) | |
| -- | 198888 |
| 100 1# - MAIN ENTRY--PERSONAL NAME | |
| Personal name | Վսեսվյատսկի, Բ.Վ |
| 245 10 - TITLE STATEMENT | |
| Title | Բուսաբանություն : |
| Remainder of title | Դասագիրք վոչ լրիվ միջնակարգ յեվ միջնակարգ դպրոցի 5-րդ յեվ 6-րդ դասարանների համար / |
| Statement of responsibility, etc. | Բ.Վ. Վսեսվյատսկի; Թարգմ.՝ Մ. Զարաֆյանի ռուս. 5-րդ հրատ-ից. |
| 250 ## - EDITION STATEMENT | |
| Edition statement | 2-րդ վերամշ. հրատ. |
| 260 ## - PUBLICATION, DISTRIBUTION, ETC. | |
| Place of publication, distribution, etc. | Յերևան : |
| Name of publisher, distributor, etc. | Պետական հրատ., |
| Date of publication, distribution, etc. | 1937. |
| 300 ## - PHYSICAL DESCRIPTION | |
| Extent | 278 էջ : |
| Other physical details | նկ. |
| 650 14 - SUBJECT ADDED ENTRY--TOPICAL TERM | |
| Topical term or geographic name entry element | Բուսաբանություն |
| Form subdivision | Դասագիրք |
| 9 (RLIN) | 4665 |
| 700 1# - ADDED ENTRY--PERSONAL NAME | |
| Personal name | Զարաֆյան, Մ. |
| Relator term | թարգմ. |
| Relationship | trl. |
| 856 4# - ELECTRONIC LOCATION AND ACCESS | |
| Uniform Resource Identifier | <a href="http://greenstone.flib.sci.am/gsdl/collect/opac/books/Busabanutyun.pdf">http://greenstone.flib.sci.am/gsdl/collect/opac/books/Busabanutyun.pdf</a> |
| Link text | Կարդալ առցանց |
| 942 ## - ADDED ENTRY ELEMENTS (KOHA) | |
| Source of classification or shelving scheme | Universal Decimal Classification |
| Koha item type | Գրքեր / Books |
| Withdrawn status | Lost status | Damaged status | Not for loan | Collection | Home library | Current library | Date acquired | Cost, normal purchase price | Total checkouts | Full call number | Barcode | Date last seen | Price effective from | Koha item type | Public note |
|---|---|---|---|---|---|---|---|---|---|---|---|---|---|---|---|
| General | Fundamental Scientific Library | Fundamental Scientific Library | 28/12/2016 | 1.00 | AII/16144 | FL0010510 | 28/12/2016 | 28/12/2016 | Գրքեր / Books | 30 Days Loan | |||||
| General | Fundamental Scientific Library | Fundamental Scientific Library | 28/12/2016 | 1.00 | AII/24691 | FL0001441 | 28/12/2016 | 28/12/2016 | Գրքեր / Books | 30 Days Loan |
ՀՀ Գիտությունների ազգային ակադեմիայի հիմնարար գիտական գրադարան = Fundamental Scientific Library of NAS RA
All site content, except where otherwise noted, is licensed under a